| 000 | 00456nam a2200157Ia 4500 | ||
|---|---|---|---|
| 008 | 210716s2013 xx 000 0 und d | ||
| 020 | _a8179921514 | ||
| 041 | _aeng | ||
| 082 | _a658.87 VEDG | ||
| 100 | _aVedamani, Gibson G. | ||
| 245 |
_aRetail management: functional principles and practices. _bFunctional principles and practices. |
||
| 250 | _a4 | ||
| 260 |
_aNew Delhi _bJaico Publishing House _c2013 |
||
| 300 | _axxvi,474 | ||
| 650 | _aRetailing | ||
| 999 |
_c208638 _d208638 |
||